| 000 | 00990cam a22003017a 4500 | ||
|---|---|---|---|
| 003 | CHAP | ||
| 005 | 20220817041537.0 | ||
| 008 | 971013s1994 r 00010 d | ||
| 010 | _a17569 | ||
| 011 | _a18541 | ||
| 035 | _a22626 | ||
| 040 | _cCHAP | ||
| 082 |
_a338.972 _bA52 |
||
| 100 | 0 | 0 |
_aAnda Gutierrez, Cuauhtemoc. _95534 |
| 245 | 1 | 3 |
_aEl programa nacional de solidaridad _b: debates y opiniones 1993-1994 |
| 260 |
_aMéxico, D.F. : _bEl autor, _c1994 |
||
| 300 |
_a294 p. _b: ilus. |
||
| 590 |
_aBATCH-UPD _b10 _c20130110 _lUCH01 _h1132 |
||
| 590 |
_aBATCH-UPD _b10 _c20130410 _lUCH01 _h0720 |
||
| 590 |
_aBATCH-UPD _b10 _c20130914 _lUCH01 _h1823 |
||
| 590 |
_aCONVERSION _b10 _c20130109 _lUCH01 _h1311 |
||
| 650 | 1 | 4 |
_aAgricultura _xAspectos economicos _zMexico. _91312 |
| 650 | 1 | 4 |
_aMéxico _xCondiciones económicas. |
| 650 | 1 | 4 |
_aMéxico _xCondiciones sociales. _976730 |
| 901 | _aBK | ||
| 942 | _cLIBRO | ||
| 949 |
_a338.972 A52 _bBC _cLIBRO _d33724000386587 _eLIBRO _h87186 _i22626 _mD _si |
||
| 999 |
_c17569 _d17569 |
||